| 000 | 02314cam a22002655a 4500 | ||
|---|---|---|---|
| 001 | E145859 | ||
| 008 | 081114s2008 xxko f 000 0 eng d | ||
| 035 | _a(Sirsi) u145859 | ||
| 041 | 0 | _aeng | |
| 050 | 0 | 4 | _a333.332 $2 18 |
| 110 | 2 |
_aRoyal Institution of Chartered Surveyors _bScottish Branch _9830 |
|
| 245 | 0 | 0 |
_aHome report _ba guide for buyers and sellers in Scotland _h[electronic resource] |
| 260 |
_aEdinburgh _bRICS _c2008 |
||
| 300 |
_a11p. _bill. _c21cm. |
||
| 505 | 2 | _aWhat is a Home Report? -- How do I get a Home Report? -- How much will a Home Report cost? -- Does my home need a Home Report? -- Which homes don't need a Home Report? -- Why are Home Reports a legal requirement? -- How will the home owner pay for the Home Report? -- Does the Home Report have a 'use by' date once the home is on the market? -- How far in advance of a home being marketed for sale can a Home Report be compiled? -- If I buy a property which has a Home Report and sell that same property soon afterwards, do I have to get another Home Report done? -- How long will it take for sellers to get a completed Home Report? -- Will all mortgage providers accept the generic Mortgage Valuation Report? -- What if the home owner chooses not to get a generic Mortgage Valuation Report? -- What happens if I don't get a Home Report? -- Can buyers trust the single survey and valuation in the Home Report? -- Can I get my own survey or valuation done on a house I want to buy? -- What if I am unhappy with parts of the Home Report? -- Where can I get more information? | |
| 520 | _aLeaflet which sets out the answers to various questions regarding the new Home Report, which is being introduced in Scotland on 1 December 2008. The Home Report will consist of three elements: a single survey, an energy report and a property questionnaire, and will need to be supplied by sellers to prospective purchasers of their property. | ||
| 521 | _aIntroductory | ||
| 590 | _aKA NTK | ||
| 650 | 2 | 4 | _aSCOTTISH SINGLE SURVEY SCHEME |
| 650 | 2 | 4 | _aHOME REPORT |
| 651 | 4 |
_aScotland _y1999- |
|
| 690 | _aPROPERTY-RESIDENTIAL PROPERTY-ACQUISITION AND DISPOSAL OF RESIDENTIAL PROPERTY | ||
| 856 | 4 | 1 |
_uhttps://www.rics.org/site/scripts/documents_info.aspx?documentID=105 _zView the leaflet free of charge at www.rics.org... |
| 942 | _n0 | ||
| 999 |
_c108949 _d108949 |
||